|
|
|
|
| LEADER |
00000nam a2200000 a 4500 |
| 001 |
vtls001418163 |
| 003 |
SK-MaSNL |
| 005 |
20260331204105.0 |
| 008 |
251124s1995 xo abe 00100 eng |
| 015 |
|
|
|a SNBE2001/04-02687
|
| 020 |
|
|
|a 8070903473
|
| 035 |
|
|
|a SNK000372963
|
| 040 |
|
|
|a SNK
|b slo
|c SNK
|e AACR2
|
| 041 |
0 |
|
|a eng
|
| 044 |
|
|
|a SK
|
| 080 |
|
|
|a 061.61(083.9)
|2 1981
|
| 100 |
1 |
|
|a Muntág, Stanislav,
|d 1965-
|4 tex
|9 106083
|
| 245 |
1 |
|
|a Matica slovenská
|b work centres, collections, services
|c text Stanislav Muntág, Tomáš Winkler ; translation Jana Káčerová ; maps O. Hraško ; photograpshs M. Fabian ... [et al.]
|
| 260 |
|
|
|a Martin
|b Matica slovenská
|c 1995
|
| 300 |
|
|
|a 63 s.
|b fareb. fotogr., mp., pl.
|c 20 cm
|
| 610 |
2 |
7 |
|a Matica slovenská
|2 SNK
|9 14662
|
| 651 |
|
7 |
|a Martin (Slovensko : okres)
|2 SNK
|9 73088
|
| 655 |
|
7 |
|a informačné publikácie
|2 SNK
|9 70181
|
| 700 |
1 |
|
|a Winkler, Tomáš,
|d 1940-2021
|4 aut
|4 tex
|9 12277
|
| 700 |
1 |
|
|a Hraško, Ondrej,
|d 1944-
|4 fot
|9 44358
|
| 700 |
1 |
|
|a Fabian, M.
|4 fot
|9 288386
|
| 700 |
1 |
|
|a Kozák, J.
|4 fot
|9 298187
|
| 700 |
1 |
|
|a Rusnáková, Helena,
|d 1954-
|4 fot
|9 39158
|
| 700 |
1 |
|
|a Pareničková, Ingrid
|4 fot
|9 298188
|
| 710 |
2 |
|
|a Matica slovenská
|4 aut
|9 14662
|
| 919 |
|
|
|a 80-7090-347-3
|
| 958 |
|
|
|a TL
|
| 999 |
|
|
|c 554204
|d 556134
|
| 952 |
|
|
|t P60, <04>, [BOOK], {604}
|a SNK
|b SNK
|y VYP
|7 0
|p 17A0310546
|o snkOSD 8549 D1
|i snkKSP 9427/2001
|0 0
|1 0
|4 0
|d 2001-08-10
|l 0
|r 2005-01-02 00:00:00
|w 2026-02-23
|
| 952 |
|
|
|t P60, <03>, [BOOK], {603}
|a SNK
|b SNK
|y PREZ
|7 0
|p 17A0310545
|o snkOSD 8549
|i snkKSP 9426/2001
|0 0
|1 0
|4 0
|d 2001-08-10
|l 0
|r 2005-01-02 00:00:00
|w 2026-02-23
|